00322nam a2200145Ia 4500008004100000020001800041041000800059082001500067100001600082245001800098260002000116300000800136365001600144700001600160230718s9999 xx 000 0 und d a9781784979546 aeng a813.6bSTA aStabenow D. aSilk And Song c2018bHead Zeus a723 cRs.b499.00 aStabenow D.